<?xml version="1.0" encoding="UTF-8"?>
<collection xmlns="http://www.loc.gov/MARC21/slim">
 <record>
  <leader>01708nam a2200301 a 4500</leader>
  <controlfield tag="001">205611</controlfield>
  <controlfield tag="008">090908s1999    nyua     b    000 0 eng d</controlfield>
  <datafield tag="010" ind1=" " ind2=" ">
   <subfield code="a">   99065366 </subfield>
  </datafield>
  <datafield tag="020" ind1=" " ind2=" ">
   <subfield code="a">3791322192 (hardcover : acid-free paper)</subfield>
  </datafield>
  <datafield tag="040" ind1=" " ind2=" ">
   <subfield code="a">DLC</subfield>
   <subfield code="c">DLC</subfield>
   <subfield code="d">DLC</subfield>
  </datafield>
  <datafield tag="082" ind1="0" ind2="0">
   <subfield code="a">727/.7/09049</subfield>
   <subfield code="2">21</subfield>
  </datafield>
  <datafield tag="245" ind1="0" ind2="0">
   <subfield code="a">Museums for a new millennium :</subfield>
   <subfield code="b">concepts, projects, buildings /</subfield>
   <subfield code="c">edited by Vittorio Magnago Lampugnani and Angeli Sachs ; with an introduction by Vittorio Magnago Lampugnani, an essay by Stanislaus von Moos, and contributions by Friedrich Achleitner ... [et al.] ; [translations from the Dutch, Arthur Payman ; from the French, David Radzinowicz Howell ; from the German, Peter Green, Elizabeth Schwaiger, Robert H. Thomas ; from the Italian, Marguerite Shore, and from the Spanish, Silvija Danielson].</subfield>
  </datafield>
  <datafield tag="260" ind1=" " ind2=" ">
   <subfield code="a">Munich ;</subfield>
   <subfield code="a">New York :</subfield>
   <subfield code="b">Prestel,</subfield>
   <subfield code="c">1999.</subfield>
  </datafield>
  <datafield tag="300" ind1=" " ind2=" ">
   <subfield code="a">224 p. :</subfield>
   <subfield code="b">ill. (some col.) ;</subfield>
   <subfield code="c">31 cm.</subfield>
  </datafield>
  <datafield tag="500" ind1=" " ind2=" ">
   <subfield code="a">Published on the occasion of an exhibition held at the Hessenhuis, Antwerp and eleven other institutions between Feb. 4, 2000 and Nov. 23, 2003.</subfield>
  </datafield>
  <datafield tag="504" ind1=" " ind2=" ">
   <subfield code="a">Includes bibliographical references (p. 214-223).</subfield>
  </datafield>
  <datafield tag="541" ind1="1" ind2=" ">
   <subfield code="e">00012602</subfield>
  </datafield>
  <datafield tag="650" ind1=" " ind2="0">
   <subfield code="a">Art museum architecture.</subfield>
  </datafield>
  <datafield tag="650" ind1=" " ind2="0">
   <subfield code="a">Architecture, Modern</subfield>
   <subfield code="y">20th century.</subfield>
  </datafield>
  <datafield tag="700" ind1="1" ind2=" ">
   <subfield code="a">Magnago Lampugnani, Vittorio,</subfield>
   <subfield code="d">1951-</subfield>
  </datafield>
  <datafield tag="700" ind1="1" ind2=" ">
   <subfield code="a">Sachs, Angeli.</subfield>
  </datafield>
  <datafield tag="700" ind1="1" ind2=" ">
   <subfield code="a">Moos, Stanislaus von.</subfield>
  </datafield>
  <datafield tag="700" ind1="1" ind2=" ">
   <subfield code="a">Achleitner, Friedrich,</subfield>
   <subfield code="d">1930-</subfield>
  </datafield>
  <datafield tag="710" ind1="2" ind2=" ">
   <subfield code="a">Hessenhuis.</subfield>
  </datafield>
  <datafield tag="852" ind1="4" ind2=" ">
   <subfield code="a">Ayesha Abed Library</subfield>
   <subfield code="j">General shelf </subfield>
  </datafield>
  <datafield tag="942" ind1="0" ind2="0">
   <subfield code="0">3</subfield>
  </datafield>
  <datafield tag="999" ind1=" " ind2=" ">
   <subfield code="c">3960</subfield>
   <subfield code="d">3960</subfield>
  </datafield>
  <datafield tag="952" ind1=" " ind2=" ">
   <subfield code="0">0</subfield>
   <subfield code="1">0</subfield>
   <subfield code="2">ddc</subfield>
   <subfield code="4">0</subfield>
   <subfield code="6">727_709049000000000_MUS</subfield>
   <subfield code="7">0</subfield>
   <subfield code="9">3643</subfield>
   <subfield code="a">BRACUL</subfield>
   <subfield code="b">BRACUL</subfield>
   <subfield code="c">GEN</subfield>
   <subfield code="d">2009-09-16</subfield>
   <subfield code="g">6635.00</subfield>
   <subfield code="l">28</subfield>
   <subfield code="m">157</subfield>
   <subfield code="o">727.709049 MUS</subfield>
   <subfield code="p">3010012602</subfield>
   <subfield code="r">2025-07-20</subfield>
   <subfield code="s">2025-06-23</subfield>
   <subfield code="t">1</subfield>
   <subfield code="w">2009-09-16</subfield>
   <subfield code="y">BK</subfield>
   <subfield code="x">HKD 618.60</subfield>
  </datafield>
 </record>
</collection>
